| 000 | 00842nam a2200181 a 4500 | ||
|---|---|---|---|
| 008 | 120619s2007 ||||||||||||||||| || u | ||
| 020 | _a9781405086028 | ||
| 050 | _aRA 427.2 Lan (BOX 110) | ||
| 100 | _aLankester, Ted | ||
| 245 | 1 | 0 |
_aSetting up community health programmes: a practical manual for use in developing countries. -- 3rd ed. _cby Ted Lankester |
| 250 | _a3rd ed. | ||
| 260 |
_aOxford: _bMacmillan Education _c2007 |
||
| 300 | _axiv, 426p.: ill. | ||
| 500 | _aBlue Trunk Library Collection (WHO). | ||
| 650 | _aCOMMUNITY HEALTH SERVICES--METHODS | ||
| 650 | _aCOMMUNITY HEALTH SERVICES--DEVELOPING COUNTRIES--HANDBOOKS, MANUALS, ETC | ||
| 995 |
_aMEDICAL LIBRARY OPEN ACCESS _e743055 _FCBU-SCHOOL OF MEDICINE LIBRARY (Ndola) _jBTL RA 427.2 Lan (BOX 110) _M1 _UAVAILABLE _WJul 31, 2012 _y743055 _ZMedical Library Open Access Collection |
||
| 999 |
_c32694 _d32694 |
||